|
|
|
|
| LEADER |
00000cam a2200000 7i4500 |
| 001 |
0000086440 |
| 005 |
20211215.0 |
| 008 |
210228 |
| 020 |
|
|
|a 9789672254041 (Set)
|
| 020 |
|
|
|a 9789672254058
|
| 041 |
0 |
|
|a Malay
|
| 090 |
0 |
0 |
|a SC
|b MAL
|
| 100 |
0 |
|
|a Azian Mohamad Noor
|
| 245 |
1 |
0 |
|a Kembara ke angkasa bersama Angkasawan
|c Azian Mohamad Noor
|
| 260 |
|
|
|a Selangor :
|b Penerbit Prisma Sdn Bhd ,
|c 2019
|
| 300 |
|
|
|a 54 p. :
|b ill. ;
|c 21.5 cm.
|
| 490 |
0 |
|
|a Sainspirasi : Ahli Sains di tempat kerja
|
| 500 |
|
|
|a Children ages 10-12 years old (pink)
|
| 541 |
0 |
0 |
|c Purchased on 2020
|f 2010 ZAR
|h RM28.20
|
| 650 |
|
0 |
|a Astronauts
|x Juvenile literature
|
| 650 |
|
0 |
|a Scientist
|x Juvenile literature
|
| 999 |
|
|
|a 0001653951
|b Book
|c Children Collection
|e Cawangan Bandar Tenggara
|
| 999 |
|
|
|a 0001653952
|b Book
|c Children Collection
|e Cawangan Tangkak
|
| 999 |
|
|
|a 0001653954
|b Book
|c Children Collection
|e Cawangan Tmn. Ungku Tun Aminah
|
| 999 |
|
|
|a 0001653955
|b Book
|c Children Collection
|e Cawangan Bandar Penawar
|
| 999 |
|
|
|a 0001653956
|b Book
|c Children Collection
|e Cawangan Muar
|
| 999 |
|
|
|a 0001653957
|b Book
|c Children Collection
|e Cawangan Segamat
|
| 999 |
|
|
|a 0001653958
|b Book
|c Children Collection
|e Cawangan Taman Universiti
|
| 999 |
|
|
|a 0001653959
|b Book
|c Children Collection
|e Cawangan Taman Sri Lambak
|
| 999 |
|
|
|a 0001653960
|b Book
|c Children Collection
|e Cawangan Pontian
|
| 999 |
|
|
|a 0001653961
|b Book
|c Children Collection
|e Cawangan Kota Tinggi
|
| 999 |
|
|
|a 0001653962
|b Book
|c Children Collection
|e Cawangan Mersing
|
| 999 |
|
|
|a 0001653963
|b Book
|c Children Collection
|e Cawangan Bukit Gambir
|
| 999 |
|
|
|a 0001653964
|b Book
|c Children Collection
|e Cawangan Batu Pahat
|
| 999 |
|
|
|a 0001655252
|b Book
|c Children Collection
|e Perbadanan Perpustakaan Awam Johor
|
| 999 |
|
|
|a 0001655253
|b Book
|c Children Collection
|e Cawangan Urban Transformation Centre
|
| 999 |
|
|
|a 0001655254
|b Book
|c Children Collection
|e Cawangan AEON Kulaijaya
|